Cybele. [1] /

Saved in:

Corporate Author: Galerie Cybele.

Format: Book

Language: French

Published: [Paris] : Cybele, [2015]

Tags: Add Tag

No Tags, Be the first to tag this record!

Call Number: N8640 .C93 v.1

LEADER 00708nam a22002177a 4500
003 OCoLC
005 20260201095727.0
008 010226t2015 fr a g c 000 0 fre d
050 1 4 |a N8640  |b .C93 v.1 
110 2 |a Galerie Cybele. 
245 1 0 |a Cybele.  |n [1] /  |c Galerie Cybele. 
264 1 |a [Paris] :  |b Cybele,  |c [2015] 
300 |a 1 v. (47 p.) :  |b illustrations en coul., couv. illustrations en coul. ;  |c 25 cm 
336 |a text  |b txt  |2 rdacontent 
337 |a unmediated  |b n  |2 rdamedia 
338 |a volume  |b nc  |2 rdacarrier 
500 |a La date de publication, 2015, a ete fournie par l'editeur. 
730 0 |a Vente. Art,  |d 2015  |g Paris. 
730 0 |a Vente. Archeologie,  |d 2015  |g Paris. 
942 |2 lcc 
999 |c 56876  |d 56876